KAWAII LAB.全楽曲 - Statistics

General Stats
  • This quiz has been taken 25 times
    13 since last reset
  • The average score is 74 of 129
Answer Stats
アーティスト名 曲名 備考 % Correct
CUTIE STREET かわいいだけじゃだめですか? MV有
100%
CUTIE STREET ラブトレ MV有
100%
CUTIE STREET ひたむきシンデレラ! MV有
92%
CUTIE STREET
92%
CUTIE STREET ハルフレーク
92%
CUTIE STREET かわいいさがしてくれますか? MV有
92%
CUTIE STREET ぷりきゅきゅ MV有
92%
CUTIE STREET でぃすこみゅーたんと! アニメーションMV有
92%
FRUITS ZIPPER ハピチョコ MV有
83%
CUTIE STREET ハッピー世界!
83%
CUTIE STREET ちきゅーめいくあっぷ計画 MV有
83%
CUTIE STREET キューにストップできません! MV有
83%
CUTIE STREET きゅーすとのうた
83%
CUTIE STREET ゆめみるプリマドンナ MV有
83%
CUTIE STREET Crush on you ユニット曲・MV有
83%
FRUITS ZIPPER 完璧主義で☆
75%
FRUITS ZIPPER フルーツバスケット MV有
75%
FRUITS ZIPPER マナカマナカマナ ソロ曲
75%
FRUITS ZIPPER すーぱーかれんたいむ ソロ曲
75%
FRUITS ZIPPER 末っ子パラドックス ソロ曲
75%
FRUITS ZIPPER 月の音 ソロ曲
75%
FRUITS ZIPPER ぴんきーれっど! ユニット曲
75%
FRUITS ZIPPER かがみ MV有
75%
FRUITS ZIPPER 君と目があったとき MV有
75%
FRUITS ZIPPER 成長期なので。
75%
SWEET STEADY ぐっじょぶ! MV有
75%
SWEET STEADY ファンファーレ
75%
CUTIE STREET ハロハロミライ
75%
CUTIE STREET 多元幸福論
75%
MORE STAR ハグ! MV有
75%
FRUITS ZIPPER Chill Out ソロ曲
75%
CUTIE STREET daylight
75%
FRUITS ZIPPER RADIO GALAXY MV有
75%
FRUITS ZIPPER Spotlight ソロ曲
75%
FRUITS ZIPPER 君の明るい未来を追いかけて
67%
FRUITS ZIPPER キミコイ MV有
67%
FRUITS ZIPPER スターライト・ヴァルキリー
67%
FRUITS ZIPPER
67%
FRUITS ZIPPER ぱーすとめいみー ソロ曲
67%
FRUITS ZIPPER 好き、お願い MV有
67%
FRUITS ZIPPER さん MV有
67%
FRUITS ZIPPER はちゃめちゃわちゃライフ! MV有
67%
FRUITS ZIPPER ふるっぱれーど MV有
67%
CANDY TUNE キス・ミー・パティシエ MV有
67%
CUTIE STREET モアベリサマー
67%
CUTIE STREET ナイスだね MV有
67%
CANDY TUNE 倍倍FIGHT! MV有
67%
CANDY TUNE HOT!SCOOP! MV有
67%
CUTIE STREET I Amai Me Mind ユニット曲・MV有
67%
FRUITS ZIPPER JAM MV有
67%
CUTIE STREET Shooting Star
67%
SWEET STEADY SWEET STEP MV有
67%
FRUITS ZIPPER We are Frontier
67%
FRUITS ZIPPER わたしの一番かわいいところ MV有
58%
FRUITS ZIPPER ピポパポ アニメーションMV有
58%
FRUITS ZIPPER ふるっぱーりー!
58%
FRUITS ZIPPER ぶちかませよ!
58%
CANDY TUNE 君もゾンビですか ゾンビですね MV有
58%
CANDY TUNE 推し♡好き♡しんどい MV有
58%
SWEET STEADY 始まりの合図 MV有
58%
SWEET STEADY ミチシルベ
58%
SWEET STEADY ぱじゃまぱーてぃー! MV有
58%
SWEET STEADY 新世界クレッシェンド MV有
58%
SWEET STEADY ダイヤモンドデイズ MV有
58%
SWEET STEADY すいすてたいむ
58%
SWEET STEADY カワイイコレクション MV有
58%
CUTIE STREET チョットヒトサジ
58%
MORE STAR ぴたぴたきゅん
58%
SWEET STEADY Melodies MV有
58%
FRUITS ZIPPER NEW KAWAII MV有
58%
FRUITS ZIPPER skyfeelan
58%
CANDY TUNE TUNE MY WAY
58%
FRUITS ZIPPER ふれふるサマー!
50%
FRUITS ZIPPER 超めでたいソング〜こんなに幸せでいいのかな?〜 MV有
50%
FRUITS ZIPPER ぴゅあいんざわーるど MV有
50%
FRUITS ZIPPER 天真爛漫 ユニット曲
50%
CANDY TUNE ナナイロプロローグ
50%
CANDY TUNE いえなかったことば〜ありがとう〜 MV有
50%
CANDY TUNE アイしちゃってます♡ MV有
50%
SWEET STEADY なんてねっ! MV有
50%
SWEET STEADY おねがいペンタス
50%
MORE STAR 大人未満
50%
FRUITS ZIPPER Going!
50%
FRUITS ZIPPER KawaiiってMagic MV有
50%
SWEET STEADY SWEET BLOOM
50%
SWEET STEADY YAKIMOCHI MV有
50%
FRUITS ZIPPER 世界はキミからはじまる MV有
42%
FRUITS ZIPPER ずっと、ずっと、ずっと!
42%
FRUITS ZIPPER うぇるかむとぅ〜ざ♡ふるっぱー!
42%
CANDY TUNE 未完な青春
42%
CANDY TUNE 必殺あざとポーズ MV有
42%
CANDY TUNE 備えあれば無問題 MV有
42%
CANDY TUNE レイドバックジャーニー カバー曲
42%
CANDY TUNE レベチかわいい! MV有
42%
CANDY TUNE 絶対きゃんちゅー宣言っ!
42%
CANDY TUNE シャットダウン!
42%
SWEET STEADY ハートの魔法
42%
SWEET STEADY ワガママ
42%
SWEET STEADY ガーベラの花のように 未リリース
42%
MORE STAR もっと、キラッと MV有
42%
MORE STAR タイムライド
42%
FRUITS ZIPPER BABY I LOVED
42%
FRUITS ZIPPER bye-bye ユニット曲
42%
SWEET STEADY Call me, Tell me
42%
CANDY TUNE hanamaru MV有
42%
CANDY TUNE HAPPY BOUNCE BIRTHDAY MV有
42%
CANDY TUNE エトセトLOVE YOU MV有
42%
FRUITS ZIPPER Sugarless GiRL カバー曲
42%
SWEET STEADY Sweet Cafe
42%
CANDY TUNE 永遠Twilight
42%
CANDY TUNE Twilight Dilemma
42%
CANDY TUNE WAO!アオハル!
42%
FRUITS ZIPPER ハートのローラーコースター
33%
FRUITS ZIPPER 大きくなったら何になる? ユニット曲・未リリース
33%
CANDY TUNE きゅきゅきゅキュート
33%
CANDY TUNE 夏しかサマーー!♡
33%
CANDY TUNE すーぱー優勝ちゅーーん! MV有
33%
SWEET STEADY なりたい私
33%
CANDY TUNE CATCH YOU
33%
FRUITS ZIPPER CO-個性
33%
CANDY TUNE LASTING TUNE
33%
FRUITS ZIPPER Midnight in my Head ユニット曲・未リリース
33%
FRUITS ZIPPER Re→TRY&FLY
33%
FRUITS ZIPPER Round and Round ユニット曲・未リリース
33%
SWEET STEADY いぶいぶ! ユニット曲・未リリース
25%
CUTIE STREET キューなキューたい 未リリース
25%
MORE STAR 相ラブユー
25%
MORE STAR 明日の準備ができたなら
25%
SWEET STEADY SOS ユニット曲・未リリース
25%
No matching quizzes found
Score Distribution
Percent of People with Each Score
Percentile by Number Answered
Your Score History
You have not taken this quiz since the last reset